000 00341nam a2200133Ia 4500
008 151001s9999||||xx |||||||||||||| ||und||
100 _aवा शि आपटे
245 _aताजा कलम
250 _a1
260 _bइमानदार बंधू प्रकाशन
260 _c1967
300 _a74
365 _b7
999 _c953355
_d953352